Music Quiz

Random Music or The Beatles Quiz

Expanded Beatles Album Quiz Stats

 Plays Quiz not verified by Sporcle

Challenge
Share
Tweet
Embed
Score 0/45 Timer 10:00
0 Plays Today
Release Date Album % Correct
22 November 1968The Beatles
90.8%
6 August 1965Help!
84.7%
13 August 1965Help!
84.7%
8 May 1970Let It Be
82.6%
8 August 1966Revolver
82.4%
5 August 1966Revolver
82.4%
26 September 1969Abbey Road
82.4%
3 December 1965Rubber Soul
80.8%
6 December 1965Rubber Soul
80.8%
1 June 1967Sgt. Pepper's Lonely Hearts Club Band
80.6%
22 March 1963Please Please Me
79.8%
26 June 1964A Hard Day's Night
78.7%
10 July 1964A Hard Day's Night
78.7%
22 November 1963With The Beatles
77.1%
8 December 1967Magical Mystery Tour
76.2%
13 January 1969Yellow Submarine
75.8%
4 December 1964Beatles for Sale
70.5%
13 November 20001
67.3%
20 January 1964Meet The Beatles!
66.5%
20 November 2006Love
61.1%
7 March 1988Past Masters, Volume One
52.5%
7 March 1988Past Masters, Volume Two
52.5%
21 November 1995Anthology 1
50.4%
Release Date Album % Correct
18 March 1996Anthology 2
50.2%
28 October 1996Anthology 3
49.5%
15 June 1966'Yesterday' ...and Today
46%
26 February 1970Hey Jude
43%
17 November 2003Let It Be… Naked
40.6%
19 April 19731962–1966
39.3%
19 April 19731967–1970
39.2%
14 June 1965Beatles VI
37.7%
30 November 1994Live At The BBC
34.9%
10 January 1964Introducing... The Beatles
32.3%
4 May 1977The Beatles At The Hollywood Bowl
31.8%
15 December 1964Beatles '65
30.1%
10 April 1964The Beatles' Second Album
29.8%
20 July 1964Something New
27%
13 January 1964Twist and Shout
19.1%
11 May 1964The Beatles' Long Tall Sally
17.1%
25 November 1963Beatlemania! With The Beatles
16.9%
11 October 198220 Greatest Hits
15%
15 November 1988The Beatles Box Set
12.7%
16 November 2004The Capitol Albums, Volume 1
11.7%
11 April 2006The Capitol Albums, Volume 2
11.5%
2 November 1978The Beatles Collection
11.2%

You're not logged in!

Compare scores with friends on all Sporcle quizzes.
OR
Log In

You Might Also Like...

Show Comments

Extras

Top Quizzes Today


Score Distribution

Your Account Isn't Verified!

In order to create a playlist on Sporcle, you need to verify the email address you used during registration. Go to your Sporcle Settings to finish the process.

Report this User

Report this user for behavior that violates our Community Guidelines.

Details: